| 000 | 00496nam a22001817a 4500 | ||
|---|---|---|---|
| 999 |
_c159375 _d159375 |
||
| 003 | dpl | ||
| 005 | 20181215130048.0 | ||
| 008 | 181215b ||||| |||| 00| 0 eng d | ||
| 020 |
_a070097002249 _c0.00 |
||
| 035 | _aA-819688 | ||
| 040 |
_aDPL _bEN _c0 |
||
| 082 | _aS | ||
| 100 | _aTwain, Mark | ||
| 245 |
_aThe Adventures of huckleberry finn _cmark twain |
||
| 260 |
_anew york _bplaymore inc., publishers and waldman publishing corp., |
||
| 300 |
_a238p: _c14cm |
||
| 942 |
_2ddc _cCH _hS _mTWA |
||